banner-ar

السيرة النبوية لابن هشام / (Record no. 43621)

MARC details
000 -الفاتح
حقل البيانات ثابتة الطول 00858nam a2200241Ia 4500
005 - وقت وتاريخ اخر تعامل مع التسجيلة
رقم الضبط 20240530103937.0
008 - عناصر البيانات ثابتة الطول - معلومات عامة
حقل البيانات ثابتة الطول 140319s9999 xx 000 0 ara d
040 ## - مصدر الفهرسة
وكالة الفهرسة الأصلية GCL /
وكالة النسخ GCL
082 04 - رقم تصنيف ديوى العشرى
رقم التصنيف 239
رقم المادة إ س
100 1# - المدخل الرئيسى - إسم شخصى
الإسم الشخصى ابن هشام ابى محمد عبدالملك
245 10 - بيان العنوان
العنوان السيرة النبوية لابن هشام /
بيان المسئوليه,etc ابن هشام ابى محمد عبدالملك
250 ## - بيان الطبعة
بيان الطبعة الثانية
260 ## - PUBLICATION, DISTRIBUTION, ETC. (IMPRINT)
تاريخ النشر أو التوزيع 1993
300 ## - الوصف المادى
التعداد 654 ص ؛
أبعاد الوعاء 24 سم
650 04 - المدخل الاضافى بالموضوع-مصطلح موضوعى
مصطلح موضوعي السيرة النبوية
650 04 - المدخل الاضافى بالموضوع-مصطلح موضوعى
مصطلح موضوعي الاسراء والمعراج
650 04 - المدخل الاضافى بالموضوع-مصطلح موضوعى
مصطلح موضوعي السيرة النبوية - اهل البيت
700 0# - المدخل الاضافى - اسم شخصى
الإسم الشخصى مصطفى السقا
700 0# - المدخل الاضافى - اسم شخصى
الإسم الشخصى ابراهيم الابيارى
700 0# - المدخل الاضافى - اسم شخصى
الإسم الشخصى عبدالحفيظ شلبى
942 ## - عناصر المدخل الإضافي( كوها)
مصدر التصنيف او مخطط الترفيف Dewey Decimal Classification
Koha [default] item type كتاب
260 ## - PUBLICATION, DISTRIBUTION, ETC. (IMPRINT)
-- القاهرة :
-- دار المنار للنشر والتوزيع ،
Holdings
حالة التراجع حالة الفقد حالة تلف ليس للاعارة المكان المؤقت الموقع الحالى تاريخ الاكتساب اجمالي اﻻعارات رقم الطلب الباركود تاريخ اخر مشاهدة تاريخ تفعيل السعر نوع وعاء كوها مصدر التصنيف او خطة الترفيف
        مكتبة القاهرة الكبرى مكتبة القاهرة الكبرى 03/26/2014   239\إ س 105674 03/26/2014 03/26/2014 كتاب  
        مكتبة القاهرة الكبرى مكتبة القاهرة الكبرى 03/26/2014   239\إ س 105675 03/26/2014 03/26/2014 كتاب  
        مكتبة القاهرة الكبرى مكتبة القاهرة الكبرى 04/15/2019   239 إ س 165799 04/15/2019 04/15/2019 كتاب ddc
        مكتبة القاهرة الكبرى مكتبة القاهرة الكبرى 04/15/2019   239 إ س 165800 04/15/2019 04/15/2019 كتاب ddc

Powered By

EGPV